000 00944cam a2200217 4500
001 WB3747-14
008 011211n2001 000 0 eng u
035 _a(Sirsi) u115962
245 _aPublic bodies happy with PFIs
260 _c2001
490 _aNational Audit Office Press Notice
_v29 November 2001, (3)
520 _aOver 80% of public bodies believe they are achieving satisfactory or better value for money for their PFI contracts, according to a National Audit Office report. The first major survey of central government PFI projects in progress found that 6% of public bodies feel they are obtaining excellent value for money form PFI, 46% good value, and 29% satisfactory value.
590 _aWB
650 _aPUBLIC BODIES
650 _aNATIONAL AUDIT OFFICE
650 _aSURVEY
650 _aPFI PROJECTS
650 _aVALUE FOR MONEY
690 _aMANAGEMENT-BUSINESS MANAGEMENT-FINANCIAL MANAGEMENT
942 _n0
999 _c69084
_d69084